000 00610nam a2200205Ia 4500
005 20250923145421.0
008 008 250917s9999 xx 000 0 eng d
037 _aTextual
040 _aDSWL
_beng
_cDSWL
041 _aeng
_2eng
084 _aV262:51'N39-N21, N77
_qDSWL
100 _aBhattacharya, B.
_9835094
245 0 _aSatyagrahas in Bengal 1921-39
_c by B. Bhattacharya
260 _aCalcutta
_bMinerva Associates
_c1977
300 _aviii,351 p.
365 _aINR
_b60 . 0
925 _g60 . 0
942 _cTEXL
_hV262:51'N39-N21, N77
999 _c1451104
_d1451104